American business abroad : Six lectures on direct investment

সংরক্ষণ করুন:
গ্রন্থ-পঞ্জীর বিবরন
প্রধান লেখক: Kindleberger, Charles P.
বিন্যাস: গ্রন্থ
ভাষা:Undetermined
প্রকাশিত: New Haven Yale University Press 1969
বিষয়গুলি:
ট্যাগগুলো: ট্যাগ যুক্ত করুন
কোনো ট্যাগ নেই, প্রথমজন হিসাবে ট্যাগ করুন!
Thư viện lưu trữ: Trung tâm Học liệu Trường Đại học Cần Thơ
LEADER 00545nam a2200193Ia 4500
001 CTU_82126
008 210402s9999 xx 000 0 und d
082 |a 332.673 
082 |b K51 
100 |a Kindleberger, Charles P. 
245 0 |a American business abroad : 
245 0 |b Six lectures on direct investment 
245 0 |c Charles P. Kindleberger 
260 |a New Haven 
260 |b Yale University Press 
260 |c 1969 
650 |a Investments 
904 |i Trọng Hải 
980 |a Trung tâm Học liệu Trường Đại học Cần Thơ